Statistics for Gatwick Airport Destinations (London, UK)

Click here to take the quiz!

General Stats

  • This quiz has been taken 65 times
  • The average score is 132 of 210

Answer Stats

AirlineDestination% Correct
easyJet/VuelingBarcelona
95%
British Airways/easyJetAmsterdam
92%
Aegean Airlines/easyJet/Sky Express/Wizz AirAthens
92%
easyJetIsle of Man
92%
Turkish Airlines/Wizz AirIstanbul
92%
British Airways/Delta Air Lines/JetBlue/Norse Atlantic AirwaysNew York (JFK)
92%
easyJetBelfast (City)
89%
easyJetBelfast (International)
89%
Aer Lingus/RyanairDublin
89%
easyJetEdinburgh
89%
easyJet/TAP Air PortugalLisbon
89%
Air Europa/easyJet/Iberia ExpressMadrid
89%
British Airways/easyJet/TUI Airways/Vueling/Wizz AirMalaga
89%
easyJetMilan (Linate)
89%
easyJet/Wizz AirMilan (Malpensa)
89%
Norwegian Air Shuttle/TUI AirwaysOslo
89%
easyJet/Vueling/Wizz AirRome (Fiumicino)
89%
Norwegian Air ShuttleStockholm (Arlanda)
89%
EmiratesDubai (International)
86%
British Airways/easyJet/Swiss International Air Lines/TUI AirwaysGeneva
86%
British Airways/easyJetGlasgow
86%
easyJet/TUI Airways/Wizz AirNaples
86%
easyJet/TAP Air PortugalPorto
86%
easyJet/VuelingValencia
86%
easyJetZurich
86%
easyJetBerlin
84%
JetBlue/Norse Atlantic AirwaysBoston
84%
easyJet/TUI Airways/Wizz AirBudapest
84%
Royal Air MarocCasablanca
84%
easyJet/Norwegian Air ShuttleCopenhagen
84%
British Airways/Qatar AirwaysDoha
84%
British Airways/easyJet/TUI AirwaysDubrovnik
84%
Norwegian Air ShuttleHelsinki
84%
British Airways/easyJet/TUI AirwaysHeraklion
84%
easyJetMarseille
84%
TUI AirwaysMelbourne/Orlando
84%
easyJetMunich
84%
easyJetParis (Charles de Gaulle)
84%
VuelingParis (Orly)
84%
easyJet/Icelandair/TUI AirwaysReykjavik
84%
airBalticRiga
84%
Air TransatToronto (Pearson)
84%
Dan Air/Wizz AirBucharest (Otopeni)
81%
RyanairCork
81%
British Airways/easyJet/Wizz AirLyon
81%
easyJetPalermo
81%
British Airways/easyJet/TUI AirwaysPalma de Mallorca
81%
British Airways/easyJet/VuelingSeville
81%
airBalticTallinn
81%
British Airways/easyJet/TUI Airways/VuelingTenerife (South)
81%
easyJetAberdeen
78%
British Airways/easyJet/Ryanair/TUI Airways/VuelingAlicante
78%
British Airways/Corendon Airlines/easyJet/Freebird Airlines/SunExpress/TUI Airways/Turkish Airlines/Wizz AirAntalya
78%
easyJetBasel/Mulhouse
78%
Air ChinaBeijing (Capital)
78%
Norwegian Air ShuttleBergen
78%
easyJetBologna
78%
VuelingFlorence
78%
Lufthansa/TUI AirwaysFrankfurt
78%
easyJet/Wizz AirKrakow
78%
Norse Atlantic AirwaysLos Angeles
78%
Air Malta/British Airways/easyJetMalta
78%
British Airways/easyJet/TUI Airways/Wizz AirMarrakesh
78%
Air TransatMontreal (Trudeau)
78%
British Airways/easyJet/Wizz AirNice
78%
British Airways/Norse Atlantic AirwaysOrlando
78%
easyJetPrague
78%
BH Air/easyJet/TUI AirwaysSofia
78%
Croatia Airlines/easyJet/TUI AirwaysSplit
78%
Nouvelair/TunisairTunis
78%
British Airways/easyJet/TUI AirwaysTurin
78%
British Airways/easyJet/Wizz AirVenice
78%
Wizz AirVienna
78%
British Airways/easyJetBari
76%
British Airways/easyJet/TUI Airways/VuelingGran Canaria
76%
British Airways/easyJet/TUI AirwaysIbiza
76%
easyJet/SunExpress/TUI AirwaysIzmir
76%
SaudiaJeddah
76%
RyanairShannon
76%
British Airways/TUI AirwaysCancun
73%
British Airways/easyJet/TUI AirwaysCorfu
73%
British Airways/easyJet/TUI Airways/Wizz AirFaro
73%
easyJetInverness
73%
British Airways/easyJet/TUI AirwaysRhodes
73%
TUI AirwaysSal
73%
easyJet/TUI AirwaysToulouse
73%
Norse Atlantic AirwaysWashington (Dulles)
73%
Air IndiaAhmedabad
70%
easyJet/VuelingBilbao
70%
British Airways/easyJetBordeaux
70%
British Airways/easyJet/Wizz AirCatania
70%
easyJetFunchal
70%
easyJetHamburg
70%
easyJetPisa
70%
British Airways/easyJet/TUI AirwaysThessaloniki
70%
easyJetBergamo
68%
VuelingGenoa
68%
Air India/TUI AirwaysGoa (Dabolim)
68%
British Airways/easyJet/TUI AirwaysKos
68%
British Airways/easyJet/TUI Airways/VuelingLanzarote
68%
easyJet/TUI Airways/Wizz AirLarnaca
68%
British Airways/easyJet/TUI AirwaysPaphos
68%
Norse Atlantic AirwaysSan Francisco
68%
British Airways/easyJet/TUI Airways/Wizz AirVerona
68%
WestJetCalgary
65%
easyJet/TUI AirwaysChania
65%
easyJetJersey
65%
Air Mauritius/British AirwaysMauritius
65%
British Airways/easyJetMykonos
65%
British Airways/easyJet/TUI AirwaysSalzburg
65%
British Airways/easyJetSantorini
65%
TUI AirwaysSingapore
65%
Air Arabia/Royal Air MarocTangier
65%
easyJet/Wizz AirTel Aviv
65%
easyJet/TUI Airways/Turkish AirlinesBodrum
62%
British Airways/Corendon Airlines/easyJet/SunExpress/TUI Airways/Wizz AirDalaman
62%
British Airways/easyJet/TUI Airways/VuelingMenorca
62%
Norwegian Air ShuttleStavanger
62%
easyJetTirana
62%
British AirwaysVancouver
62%
Bamboo AirwaysHanoi
59%
British Airways/easyJet/TUI AirwaysInnsbruck
59%
British Airways/easyJet/TUI Airways/Wizz AirSharm El Sheikh
59%
British AirwaysTampa
59%
easyJet/TUI AirwaysZakynthos
59%
Air IndiaAmritsar
57%
British AirwaysCape Town
57%
VuelingGranada
57%
British AirwaysGrenada
57%
easyJetNantes
57%
Wizz AirPodgorica
57%
British Airways/TUI AirwaysPunta Cana
57%
TUI AirwaysSarajevo
57%
Norwegian Air ShuttleTromso
57%
Norwegian Air ShuttleTrondheim
57%
easyJet/TUI Airways/Wizz AirAgadir
54%
British Airways/easyJetCagliari
54%
easyJet/TUI AirwaysHurghada
54%
Air IndiaKochi
54%
easyJetRennes
54%
easyJet/VuelingSantiago de Compostela
54%
easyJetVarna
54%
VuelingA Coruna
51%
easyJetAlmeria
51%
British Airways/TUI AirwaysBarbados
51%
BH Air/easyJet/TUI AirwaysBurgas
51%
easyJet/TUI AirwaysFuerteventura
51%
easyJetGibraltar
51%
AurignyGuernsey
51%
Bamboo AirwaysHo Chi Minh City
51%
TUI AirwaysLa Palma
51%
British AirwaysLas Vegas
51%
easyJetLjubljana
51%
easyJetZadar
51%
easyJetBrindisi
49%
TUI AirwaysGirona
49%
British Airways/easyJetMontpellier
49%
easyJet/TUI AirwaysOlbia
49%
Norse Atlantic AirwaysFort Lauderdale
46%
easyJetMurcia
46%
easyJet/TUI AirwaysPula
46%
Air TransatQuebec City
46%
easyJetTivat
46%
TUI AirwaysBoa Vista
43%
TUI AirwaysJerez de la Frontera
43%
easyJetKalamata
43%
TUI AirwaysLamezia Terme
43%
TUI AirwaysMarsa Alam
43%
TUI AirwaysPhuket
43%
British AirwaysSt. Kitts
43%
British Airways/TUI AirwaysSt. Lucia (Hewanorra)
43%
VuelingAsturias
41%
TUI AirwaysDakar (Diass)
41%
TUI AirwaysMontego Bay
41%
easyJet/TUI AirwaysPreveza/Lefkada
41%
TUI AirwaysReus
41%
easyJetRijeka
41%
British AirwaysSan Jose de Costa Rica (Juan Santamaria)
41%
British AirwaysAntigua
38%
easyJetBiarritz
38%
easyJet/Wizz AirGrenoble
38%
easyJet/TUI AirwaysKefalonia
38%
British AirwaysKingston
38%
easyJetRovaniemi
38%
TUI AirwaysSamos
38%
TUI AirwaysSkiathos
38%
British AirwaysAruba
35%
easyJetBastia
35%
Eastern AirwaysNewquay
35%
British AirwaysPort of Spain
35%
British AirwaysTobago
35%
easyJetAncona
32%
Badr AirlinesKhartoum
30%
easyJetLa Rochelle
30%
easyJetAqaba
27%
easyJetFigari
27%
TUI AirwaysLiberia (CR)
27%
easyJetToulon
27%
TUI AirwaysBanjul
24%
easyJetCalvi
24%
easyJet/TUI AirwaysEnfidha
24%
British AirwaysGeorgetown (Cheddi Jagan)
24%
TUI AirwaysOhrid
24%
TUI AirwaysKavala
22%
Dan AirBrasov
16%
TUI AirwaysChambery
16%
easyJetFriedrichshafen
16%
easyJetLimoges
16%
TUI AirwaysPorto Santo
14%
easyJetVolos
14%

Score Distribution

Percentile by Number Answered

Percent of People with Each Score

Your Score History

You have not taken this quiz